1558 1727 1160 1292 1980 1951 1325 1103 1536 1111 1927 1676 1544 1594 1897 1981 1104 1261 1101 1616 1516 1338 1132 1717 1075 1087 1557 1515 1631 1829 1445 1983 1517 1814 1796 1700 1997 1152 1478 1798 1697 1555 1649 1354 1178 1808 1992 1173 1033 1126 1417 1141 1863 1543 1162 1895 1225 1112 1519 1154 1649 1320 1751 1148 1480 1614 1101 1311 1048 1305 1195 1069 1648 1295 1649 1864 1411 1938 1678 1947 1361 1056 1315 1427 1222 1575 1931 1839 1827 1746 1583 1772 1795 1156 1796 1632 1663 1620 1055 BCNSPRNW ULIB Ver.6.0+V

เปลี่ยนเป็นภาษาไทย

Change to English
 แสดงรายละเอียดบรรณานุกรม
  กลับหน้าหลัก

Brief Record : Get Marc (ISO 2709) : E-mail record : QR code < ปิดหน้าต่าง
LEADER : 00000nam 2200000uu 4500
001    13399127524
003     ULIB
008    210114s2563||||th 000 0 tha d
020    ^a9786163984661^c350
060  4 ^aWY106^bน927
245 00 ^aแนวคิดและหลักการการพยาบาลชุมชน /^cบรรณาธิการ, ศิวพร อึ้งวัฒนา, กัลยาณี ตันตรานนท์
260    ^aเชียงใหม่ :^bคณะพยาบาลศาสตร์ มหาวิทยาลัยเชียงใหม่,^c2563
300    ^a430 หน้า :^bภาพประกอบ
650  4 ^aการพยาบาลอนามัยชุมชน
650  4 ^aอนามัยชุมชน^xการพยาบาล
700 0  ^aศิวพร อิ้งวัฒนา,^eบรรณาธิการ
700 0  ^aกัลยาณี ตันตรานนท์ ,^eบรรณาธิการ
710 2  ^aมหาวิทยาลัยเชียงใหม่.^bคณะพยาบาลศาสตร์.^bโครงการตำรา
945    ^p350^l0^i007273
945    ^p350^l0^i007274
945    ^p350^l0^i007275
945    ^p350^l0^i007276
945    ^p350^l0^i007277
945    ^p350^l0^i007278
945    ^p350^l0^i007279
945    ^p350^l0^i007280
945    ^p350^l0^i007281
945    ^p350^l0^i007282
999    ^aประนอม เกษจรัล
รายการนี้ยังไม่มีแท็ก
คุณยังไม่ได้ล็อกอิน คุณสามารถมีกิจกรรมร่วมกับเว็บไซต์ได้ แต่ต้องล็อกอินก่อน ::
  ล็อกอิน

รายการสื่อสารสนเทศ

ลำดับที่ ประเภท เลขเรียก/บาร์โค้ด สถานที่ สถานะ
1. Book การพยาบาล
หนังสือสำรอง
สถานะ=หนังสือสำรอง
WY106 น927 ฉ.1 
  Barcode: 007273
ห้องสมุดวิทยาเขตสวรรค์ประชารักษ์
►หนังสือทั่วไป
บนชั้น
2. Book การพยาบาล
Book การพยาบาล
WY106 น927 ฉ.10 
  Barcode: 007282
ห้องสมุดวิทยาเขตสวรรค์ประชารักษ์
►หนังสือทั่วไป
บนชั้น
3. Book การพยาบาล
Book การพยาบาล
WY106 น927 ฉ.2 
  Barcode: 007274
ห้องสมุดวิทยาเขตสวรรค์ประชารักษ์
►หนังสือทั่วไป
บนชั้น
4. Book การพยาบาล
Book การพยาบาล
WY106 น927 ฉ.3 
  Barcode: 007275
ห้องสมุดวิทยาเขตสวรรค์ประชารักษ์
►หนังสือทั่วไป
บนชั้น
5. Book การพยาบาล
Book การพยาบาล
WY106 น927 ฉ.4 
  Barcode: 007276
ห้องสมุดวิทยาเขตสวรรค์ประชารักษ์
►หนังสือทั่วไป
บนชั้น
6. Book การพยาบาล
Book การพยาบาล
WY106 น927 ฉ.5 
  Barcode: 007277
ห้องสมุดวิทยาเขตสวรรค์ประชารักษ์
►หนังสือทั่วไป
บนชั้น
7. Book การพยาบาล
Book การพยาบาล
WY106 น927 ฉ.6 
  Barcode: 007278
ห้องสมุดวิทยาเขตสวรรค์ประชารักษ์
►หนังสือทั่วไป
บนชั้น
8. Book การพยาบาล
Book การพยาบาล
WY106 น927 ฉ.7 
  Barcode: 007279
ห้องสมุดวิทยาเขตสวรรค์ประชารักษ์
►หนังสือทั่วไป
บนชั้น
9. Book การพยาบาล
Book การพยาบาล
WY106 น927 ฉ.8 
  Barcode: 007280
ห้องสมุดวิทยาเขตสวรรค์ประชารักษ์
►หนังสือทั่วไป
บนชั้น
10. Book การพยาบาล
Book การพยาบาล
WY106 น927 ฉ.9 
  Barcode: 007281
ห้องสมุดวิทยาเขตสวรรค์ประชารักษ์
►หนังสือทั่วไป
บนชั้น

รายการใกล้เคียง
    หัวเรื่อง [การพยาบาลอนามัยชุมชน]

BibComment


ยังไม่เคยถูกคอมเมนท์

คอมเมนท์ทรัพยากรรายการนี้
  คอมเมนท์: แนวคิดและหลักการ..


 Copyright 2026. Bcnsprnw @Library